LEADER 01488nam a2200337 u 4500 001 000000028462 003 CaOOAMICUS 005 20150218143922.0 008 960705c1984 it af u000 u ita u 020 $a8802039062 035 $a10736089 040 $aMSA$bita$dEFR$dBSR 100 1 $aDay, John,$d1902-$0(OLS)http://pul/name/23154 245 13$aLa Sardegna medioevale e moderna /$cJohn Day, Bruno Anatra, Lucetta Scaraffia. 260 $aTorino :$bUTET,$c1984. 300 $aviii, 849 p., [50] p. de pl., [3] f. de pl.$bill.$c25 cm 490 1 $aStoria d'Italia ;$v10 500 $aIncludes index. 500 $aContains bibliographical references. 651 4$aSardegna$xStoria.$0(OLS)http://pul/subject/16412 700 1 $aScaraffia, Lucetta,$d1948-$0(OLS)http://pul/name/13910 700 1 $aAnatra, Bruno.$0(OLS)http://pul/name/23155 830 0$aStoria d'Italia (UTET) ;$v10.$0(OLS)http://pul/title/35394 850 $aPUL 852 $aPUL$W1$xSL Cons. Gen., Altre Classi 1$y1$m1396.B$j35905$nBK-PRI$b $qStampati$B39506$CPULBib$Z2$F39506 $H68905 $81 852 $aPUL$W1$xDP1 Fondo Capitani$y116$m10 B 85.10$j163746$av.10$qFondi$B163779$CPULBib$Z2$F163779 $HCap423 $82 941 1 $a8 941 1 $a1 996 $6020$a8802039062$9(OLS)http://pul/number/35335 996 $6245$aLa Sardegna medioevale e moderna$9(OLS)http://pul/title/38848 996 $6260$aTorino :$bUTET$9(OLS)http://pul/publisher/48088 LEADER 01298nam a2200313 a 4500 001 000000145332 003 CaOOAMICUS 005 20150901121528.0 008 150901s1990 it u000 u ita r 020 $z88-315-0231-X* 040 $aPUL$bita 100 1 $aSarnataro, Ciro.$0(OLS)http://pul/name/5838 245 10$aA che punto siamo con la fede? /$cCiro Sarnataro, Giovanni Giusti. 260 $a[S.l.] :$bEdizioni Paoline ;$aMilano :$bFiglie di San Paolo,$c1990. 300 $a175 p. ;$c23 cm 490 1 $aCristiani adulti ;$v02 504 $aBibliografia in nota. 650 4$aFede.$0(OLS)http://pul/subject/668 700 1 $aGiusti, Giovanni.$0(OLS)http://pul/name/93078 830 0$aCristiani adulti ;$v02.$0(OLS)http://pul/title/183783 850 $aPUL 852 $aPUL$W1$xDP1 Fondo S. Lanza$y121$m3 M 69.2$j168079$qFondi$B168654$CPULBib$Z2$F168654 $HLan2568 $82 941 1 $a1 961 $aNota ms. di possesso: Sergio Lanza 996 $6020$z88-315-0231-X*$9(OLS)http://pul/number/158417 996 $6245$aA che punto siamo con la fede?$9(OLS)http://pul/title/183784 996 $6260$a[S.l.] :$bEdizioni Paoline$9(OLS)http://pul/publisher/54991 996 $6260$aMilano :$bFiglie di San Paolo$9(OLS)http://pul/publisher/61975